00411nam a2200121Ia 4500008004100000100003900041245005200080245003900132260005900171650001800230650001500248856002600263170221s9999 xx 000 0 und d aRahul Gadekar Pradeep Krishnatray. aGratifications of Facebook: A Literature Review cRahul Gadekar Pradeep Krishnatray. bOnline Journal of Communication and Media Technologies xCommunication xMedia Arts uhttp://www.ojcmt.net/